000 00751nam a2200289Ia 4500
001 19090
003 IT-RoPAU
008 130308s9999 xx 000 0 und d
040 _aIT-RoPAU
040 _cIT-RoPAU
041 _aITALIANO
100 _aBonfiglioli Pietro
100 _gCodice Aut. SPICS: 9004
245 _aDella tecnica e dell'oggetto
245 _bNuova immagine del Mondo (La)
250 _a1a ed.
260 _aVENEZIA
260 _bLa Biennale
260 _c1983 [1° Ed.:1983 - Ed.Ling.Originale:1982]
300 _a"5 p. (prefazione: no ; testo: 5 [pagine: 111-115])"
650 _aTECNICA CINEMATOGRAFICA
650 _eCodice materia Spics: 6802
942 _cBK
957 _71
999 _c51466
_d51466
999 _bSI
999 _g1